[Event "Lvov Ukrainian Chess Warriors"]
[Site "Lvov"]
[Date "2024.03.15"]
[Round "2"]
[White "Kislinsky, Alexey"]
[Black "Kushnir, Oleg"]
[Result "1-0"]
[WhiteElo "2361"]
[BlackElo "1732"]
[PlyCount "79"]
[EventDate "2024.03.15"]
[EventType "swiss (rapid)"]
[EventRounds "8"]
[EventCountry "UKR"]
[SourceTitle "CBM 219 Extra"]
[Source "ChessBase"]
[SourceDate "2024.05.31"]
[SourceVersion "1"]
[SourceVersionDate "2024.05.31"]
[SourceQuality "1"]

1. e4 c6 2. d4 d5 3. exd5 cxd5 4. c4 Nf6 5. Nc3 e6 6. Nf3 Bb4 7. cxd5 Nxd5 8. Bd2 Nc6 9. Bd3 Nb6 10. a3 Bxc3 11. bxc3 Bd7 12. 0-0 h6 13. Re1 0-0 14. c4 Rc8 15. Rc1 Ne7 16. Ne5 Ba4 17. Qg4 Nf5 18. d5 Qf6 19. c5 h5 20. Qb4 Nxd5 21. Qxa4 Rfd8 22. Qe4 g6 23. Nf3 Rd7 24. Bg5 Qb2 25. Ne5 Rdc7 26. Nc4 Qg7 27. Nd6 Nxd6 28. cxd6 Rxc1 29. Bxc1 Qc3 30. Bg5 Qc6 31. Qe5 Qd7 32. h4 a6 33. Bh6 f6 34. Qg3 Qh7 35. d7 Rd8 36. Rxe6 Kf7 37. Qd6 Qxh6 38. Qxd5 Kf8 39. Rxf6+ Ke7 40. Qe6# 1-0

[Event "EU-ch Blitz"]
[Site "Katowice"]
[Date "2022.12.16"]
[Round "14"]
[White "Kushnir, Oleg"]
[Black "Karas, Marek"]
[Result "0-1"]
[WhiteElo "1554"]
[BlackElo "2240"]
[PlyCount "102"]
[EventDate "2022.12.16"]
[EventType "swiss (blitz)"]
[EventRounds "22"]
[EventCountry "POL"]
[SourceTitle "CBM 211 Extra"]
[Source "ChessBase"]
[SourceDate "2023.01.31"]
[SourceVersion "1"]
[SourceVersionDate "2023.01.31"]
[SourceQuality "1"]

1. d4 Nf6 2. c4 c5 3. e3 g6 4. Nf3 Bg7 5. Nc3 cxd4 6. exd4 0-0 7. Be2 d5 8. 0-0 Nc6 9. h3 b6 10. Bg5 dxc4 11. Bxc4 Bb7 12. Be3 Nb4 13. Re1 Rc8 14. Ne5 Nfd5 15. Nxd5 Nxd5 16. Bf1 e6 17. a3 Qe7 18. Rc1 Rxc1 19. Qxc1 Rc8 20. Qd2 Qc7 21. Rc1 Qxc1 22. Qxc1 Rxc1 23. Bxc1 f6 24. Nd3 Ba6 25. Nb4 Nxb4 26. axb4 Bxf1 27. Kxf1 b5 28. Ke2 Kf7 29. Kd3 f5 30. Bf4 Ke8 31. Bb8 a6 32. Ba7 Kd7 33. Bc5 Kc6 34. b3 Kd5 35. f4 Bf6 36. Ke3 Bh4 37. g4 fxg4 38. hxg4 h5 39. Kf3 Be1 40. f5 hxg4+ 41. Kxg4 gxf5+ 42. Kf4 Bf2 43. Kg5 Bxd4 44. Be7 Be3+ 45. Kf6 f4 46. Kf7 f3 47. Bh4 f2 48. Bxf2 Bxf2 49. Ke7 e5 50. Kd7 Be1 51. Kc7 Bxb4 0-1